000 00739nam a2200229Ia 4500
003 GCL
008 140319s9999 xx 000 0 ara d
040 _aGCL /
_cGCL
082 0 4 _a341.75
_bم ق
100 1 _aمحسن جابر الموسوى
245 1 0 _aالقرن الواحد والعشرون والبحث عن الهوية /
_cمحسن جابر الموسوى
260 _a[S.N] :
_bدار الهادى ،
_c1991
300 _a400 ص
490 _a
650 0 4 _aالاشتراكية
650 0 4 _aالسياسة الدولية
650 0 4 _aالسياسة
650 0 4 _aالقانون الدولى الخاص
650 0 4 _aالراسمالية
650 0 4 _aالنظام العالمى الحديث
942 _2ddc
_cBK
999 _c35779
_d35779